Bible say quran tuk (Record no. 582900)

000 -LEADER
fixed length control field 00476nam a22001817a 4500
003 - CONTROL NUMBER IDENTIFIER
control field CEME
005 - DATE AND TIME OF LATEST TRANSACTION
control field 20210628205947.0
008 - FIXED-LENGTH DATA ELEMENTS--GENERAL INFORMATION
fixed length control field 210202b xxu||||| |||| 00| 0 eng d
040 ## - CATALOGING SOURCE
Transcribing agency .
082 ## - DEWEY DECIMAL CLASSIFICATION NUMBER
Classification number 297 BIB
100 ## - MAIN ENTRY--PERSONAL NAME
Personal name Izhar Ul Haq
9 (RLIN) 77675
245 ## - TITLE STATEMENT
Title Bible say quran tuk
260 ## - PUBLICATION, DISTRIBUTION, ETC.
Place of publication, distribution, etc. LAHORE
Name of publisher, distributor, etc. MAKTABA-E-DARUL-ULOOM
Date of publication, distribution, etc. 2002
300 ## - PHYSICAL DESCRIPTION
Extent 3VOLS
650 ## - SUBJECT ADDED ENTRY--TOPICAL TERM
Topical term or geographic name entry element ISLAM-BIBLE SAY QURAN
9 (RLIN) 77676
700 ## - ADDED ENTRY--PERSONAL NAME
Personal name MAULANA AKBAR ALI,USMANI, MUHAMMAD TAQI
9 (RLIN) 77677
942 ## - ADDED ENTRY ELEMENTS (KOHA)
Koha item type Book
Source of classification or shelving scheme
Holdings
Withdrawn status Lost status Damaged status Not for loan Permanent Location Current Location Shelving location Date acquired Total Checkouts Full call number Barcode Date last seen Price effective from Koha item type
        College of Electrical & Mechanical Engineering (CEME) College of Electrical & Mechanical Engineering (CEME) General Stacks 02/26/2017   297 BIB CEME-39884 06/28/2021 06/28/2021 Book
        College of Electrical & Mechanical Engineering (CEME) College of Electrical & Mechanical Engineering (CEME) General Stacks 02/26/2017   297 BIB CEME-39885 06/28/2021 06/28/2021 Book
        College of Electrical & Mechanical Engineering (CEME) College of Electrical & Mechanical Engineering (CEME) General Stacks 02/26/2017   297 BIB CEME-39886 06/28/2021 06/28/2021 Book
© 2023 Central Library, National University of Sciences and Technology. All Rights Reserved.